[Event "Lansing op"]
[Site "Lansing"]
[Date "2002.09.02"]
[Round "7"]
[White "Gladieux, Kate"]
[Black "Mitchell, Dave"]
[Result "1/2-1/2"]
[WhiteElo "773"]
[BlackElo "1314"]
[PlyCount "120"]
[EventDate "2002.08.30"]
[EventType "swiss"]
[EventRounds "7"]
[EventCountry "USA"]
[SourceTitle "EXT 2007"]
[Source "ChessBase"]
[SourceDate "2006.11.23"]
[SourceVersion "1"]
[SourceVersionDate "2006.11.23"]
[SourceQuality "1"]

1. e4 c6 2. Nf3 d5 3. Nc3 d4 4. Na4 Bg4 5. d3 Qa5+ 6. c3 Nd7 7. Be2 b5 8. b4 Qc7 9. Nc5 Nxc5 10. bxc5 dxc3 11. Qb3 Nf6 12. Qxc3 g6 13. Qe5 Qd7 14. Qd4 Rd8 15. Qxd7+ Rxd7 16. Ne5 Bxe2 17. Nxd7 Bxd3 18. Nxf8 Rxf8 19. f3 Nd7 20. Be3 f6 21. a4 a6 22. axb5 Bxb5 23. h3 Kf7 24. Rd1 Rd8 25. Bf4 Ke6 26. g4 g5 27. Bg3 Re8 28. Bf2 Ne5 29. Kd2 Rd8+ 30. Kc1 Rxd1+ 31. Rxd1 Kf7 32. Kd2 Nxf3+ 33. Ke3 Ne5 34. Kd4 Ba4 35. Ra1 Bb5 36. Kc3 Nd3 37. Be3 Kg6 38. Rh1 h6 39. h4 Ne5 40. h5+ Kf7 41. Rg1 Be2 42. Bd4 Nf3 43. Rg2 Nxd4 44. Kxd4 Bb5 45. Rf2 Ke6 46. Rf5 Be2 47. Rf2 Bxg4 48. Rb2 Bxh5 49. Rb6 Be8 50. Rxa6 g4 51. Ra2 h5 52. Ke3 Ke5 53. Rh2 e6 54. Rh1 f5 55. exf5 exf5 56. Kf2 f4 57. Re1+ Kd5 58. Rxe8 Kxc5 59. Re5+ Kd4 60. Rxh5 c5 1/2-1/2

[Event "Lansing op"]
[Site "Lansing"]
[Date "2002.08.31"]
[Round "3"]
[White "Gladieux, Kate"]
[Black "Homister, Justin"]
[Result "1-0"]
[WhiteElo "773"]
[BlackElo "522"]
[PlyCount "101"]
[EventDate "2002.08.30"]
[EventType "swiss"]
[EventRounds "7"]
[EventCountry "USA"]
[SourceTitle "EXT 2007"]
[Source "ChessBase"]
[SourceDate "2006.11.23"]
[SourceVersion "1"]
[SourceVersionDate "2006.11.23"]
[SourceQuality "1"]

1. e4 Nc6 2. Nf3 Nf6 3. Nc3 e6 4. d3 d5 5. e5 Bb4 6. Bd2 Bd7 7. exf6 gxf6 8. g3 0-0 9. Bg2 d4 10. Nb5 Na5 11. Nbxd4 Ba4 12. Bxb4 Nc6 13. Bxf8 Nxd4 14. Be7 Qxe7 15. Nxd4 Qb4+ 16. Ke2 Qxd4 17. Re1 Rd8 18. b3 Bb5 19. Be4 Rd6 20. c4 Qb6 21. b4 Ba6 22. c5 Qxb4 23. cxd6 Qxd6 24. Kf1 Bb5 25. Re3 Qd7 26. Bxb7 Ba4 27. Qd2 c5 28. Ba6 Qd6 29. Bc4 Qd4 30. Rb1 Qd8 31. Rb5 Bxb5 32. Bxb5 Qb8 33. a4 a6 34. Bc4 Qb1+ 35. Qe1 Qb2 36. Bxa6 Qa3 37. Qa5 f5 38. d4 cxd4 39. Rxa3 e5 40. Qxe5 d3 41. Rxd3 h5 42. Rd8+ Kh7 43. Qxf5+ Kh6 44. Rh8+ Kg7 45. Qxh5 f5 46. Rh6 Kg8 47. Qxf5 Kg7 48. Qf6+ Kg8 49. Rg6+ Kh7 50. Qf7+ Kh8 51. Rg8# 1-0